[Event "GER-ch Net Amateur Gr-C Final"]
[Site "Playchess.com INT"]
[Date "2020.04.18"]
[Round "9"]
[White "Stadtmueller, Max"]
[Black "Birk, Wilfried Christoph"]
[Result "1/2-1/2"]
[WhiteElo "1651"]
[BlackElo "1352"]
[PlyCount "48"]
[EventDate "2020.04.18"]
[EventType "swiss (blitz)"]
[EventRounds "13"]
[EventCountry "GER"]
[SourceTitle "CBM 195 Extra"]
[Source "ChessBase"]
[SourceDate "2020.05.31"]
[SourceVersion "1"]
[SourceVersionDate "2020.05.31"]
[SourceQuality "1"]

1. e4 c6 2. d4 d5 3. exd5 cxd5 4. c4 Nf6 5. Nc3 e6 6. Nf3 Bb4 7. Bg5 Be7 8. Be2 0-0 9. 0-0 Nbd7 10. Ne5 Nxe5 11. dxe5 Nd7 12. Bxe7 Qxe7 13. cxd5 Nxe5 14. d6 Qd7 15. Bb5 Qd8 16. Qd4 Nc6 17. Qd3 Bd7 18. Rad1 a6 19. Bxc6 Bxc6 20. Rd2 Qg5 21. Ne4 Qg6 22. f3 Bb5 23. Qb3 Bxf1 24. Kxf1 b5 1/2-1/2

[Event "GER-ch Net Amateur Gr-C Final"]
[Site "Playchess.com INT"]
[Date "2020.04.18"]
[Round "8"]
[White "Stadtmueller, Max"]
[Black "Fock, Madiha"]
[Result "1-0"]
[WhiteElo "1651"]
[BlackElo "1774"]
[PlyCount "159"]
[EventDate "2020.04.18"]
[EventType "swiss (blitz)"]
[EventRounds "13"]
[EventCountry "GER"]
[SourceTitle "CBM 195 Extra"]
[Source "ChessBase"]
[SourceDate "2020.05.31"]
[SourceVersion "1"]
[SourceVersionDate "2020.05.31"]
[SourceQuality "1"]

1. e4 d5 2. exd5 Qxd5 3. Nc3 Qd6 4. Nf3 c6 5. Bc4 Bg4 6. d3 Nf6 7. h3 Bh5 8. Be3 e6 9. Qd2 Qc7 10. Bf4 Bd6 11. Bg5 Bxf3 12. gxf3 Nbd7 13. 0-0-0 0-0-0 14. Ne4 h6 15. Be3 Nxe4 16. fxe4 Ne5 17. Bb3 Rhe8 18. f4 Ng6 19. e5 Be7 20. Rdf1 Nh4 21. Qf2 Nf5 22. Bxa7 c5 23. Bc4 Qa5 24. Bxc5 Bxc5 25. Qf3 Be3+ 26. Kb1 Qb6 27. Bb3 Bc5 28. Rd1 Nd4 29. Qe4 Nxb3 30. cxb3 Rd4 31. Qe2 Rxf4 32. Rd2 Kd7 33. Rc1 Rc8 34. Qg2 g6 35. Rdc2 Qa5 36. Qg3 Ra8 37. a3 Qb6 38. Rxc5 Rd4 39. Rc7+ Ke8 40. R7c4 Rc8 41. Rxc8+ Kd7 42. R8c2 Qb5 43. Qf2 Qxe5 44. Qd2 Qd5 45. Rc3 e5 46. Rc7+ Ke6 47. Qc3 Rxd3 48. Qc4 Qxc4 49. R7xc4 Kf5 50. Rc7 f6 51. Rxb7 e4 52. Rf7 e3 53. Rf1+ Ke5 54. R7xf6 e2 55. Re1 Ke4 56. Re6+ Kf3 57. R6xe2 Kg3 58. Re3+ Rxe3 59. Rxe3+ Kh4 60. Re6 Kxh3 61. Rxg6 h5 62. Rh6 h4 63. a4 Kh2 64. a5 h3 65. a6 Kg1 66. a7 h2 67. Rxh2 Kxh2 68. a8Q Kg3 69. b4 Kf4 70. b5 Ke5 71. b6 Kd6 72. b7 Kc5 73. b8Q Kd4 74. Qab7 Ke3 75. Q8c8 Kf4 76. Qbd7 Kg5 77. Qce8 Kh6 78. Qdf7 Kg5 79. Qeg8+ Kh6 80. Qfh7# 1-0

[Event "GER-ch Net Amateur Gr-C Vor3"]
[Site "Playchess.com INT"]
[Date "2020.04.16"]
[Round "7"]
[White "Stadtmueller, Max"]
[Black "Lampe, Finn"]
[Result "1/2-1/2"]
[WhiteElo "1659"]
[BlackElo "1615"]
[PlyCount "44"]
[EventDate "2020.04.16"]
[EventType "swiss (blitz)"]
[EventRounds "9"]
[EventCountry "GER"]
[SourceTitle "CBM 195 Extra"]
[Source "ChessBase"]
[SourceDate "2020.05.31"]
[SourceVersion "1"]
[SourceVersionDate "2020.05.31"]
[SourceQuality "1"]

1. e4 e6 2. d4 d5 3. Bd3 dxe4 4. Bxe4 Nf6 5. Bd3 Be7 6. Nf3 0-0 7. 0-0 Re8 8. Re1 b6 9. Nbd2 Bb7 10. Nf1 Nbd7 11. Ng3 Rc8 12. Bd2 c5 13. c3 cxd4 14. Nxd4 Nc5 15. Bc2 Qd5 16. f3 Qd7 17. Qe2 Na6 18. Rad1 Bc5 19. Be3 e5 20. Nb3 Bxe3+ 21. Qxe3 Qa4 22. a3 Qf4 1/2-1/2

[Event "GER-ch Net Amateur Gr-C Vor3"]
[Site "Playchess.com INT"]
[Date "2020.04.16"]
[Round "8"]
[White "Wartenberg, Alexander"]
[Black "Stadtmueller, Max"]
[Result "0-1"]
[WhiteElo "1506"]
[BlackElo "1657"]
[PlyCount "58"]
[EventDate "2020.04.16"]
[EventType "swiss (blitz)"]
[EventRounds "9"]
[EventCountry "GER"]
[SourceTitle "CBM 195 Extra"]
[Source "ChessBase"]
[SourceDate "2020.05.31"]
[SourceVersion "1"]
[SourceVersionDate "2020.05.31"]
[SourceQuality "1"]

1. e4 e6 2. d4 d5 3. Nc3 dxe4 4. Nxe4 Nc6 5. Nf3 Nf6 6. Nxf6+ Qxf6 7. Bb5 Bd7 8. 0-0 h6 9. Be3 a6 10. Ba4 Bd6 11. Re1 0-0 12. c4 Rab8 13. d5 exd5 14. cxd5 Ne5 15. Bd4 Nxf3+ 16. gxf3 Bxa4 17. Qxa4 Qh4 18. Kf1 Qxh2 19. Qc2 Qh3+ 20. Ke2 Rfe8+ 21. Kd2 Bf4+ 22. Be3 Qxf3 23. Bxf4 Qxf2+ 24. Kc3 Rxe1 25. Qxf2 Rxa1 26. Qg2 g5 27. Bxc7 Rc8 28. d6 Rc1+ 29. Kd2 Rb1 0-1

[Event "GER-ch Net Amateur Gr-C Vor2"]
[Site "Playchess.com INT"]
[Date "2020.04.15"]
[Round "3"]
[White "Guntermann, Erik"]
[Black "Stadtmueller, Max"]
[Result "0-1"]
[WhiteElo "1586"]
[BlackElo "1585"]
[PlyCount "76"]
[EventDate "2020.04.15"]
[EventType "swiss (blitz)"]
[EventRounds "9"]
[EventCountry "GER"]
[SourceTitle "CBM 196 Extra"]
[Source "ChessBase"]
[SourceDate "2020.07.31"]
[SourceVersion "1"]
[SourceVersionDate "2020.07.31"]
[SourceQuality "1"]

1. e4 c6 2. d4 d5 3. e5 g6 4. f4 Bg7 5. Nf3 f6 6. Nc3 fxe5 7. fxe5 Bg4 8. Be2 e6 9. 0-0 Ne7 10. h3 Bxf3 11. Rxf3 Nd7 12. Bg5 h6 13. Be3 Qb6 14. Na4 Qc7 15. Qd2 0-0-0 16. b3 g5 17. Rf7 Nf5 18. g4 Nxe3 19. Qxe3 Rdg8 20. c4 Bf8 21. cxd5 exd5 22. Raf1 Qd8 23. e6 Nb6 24. e7 Bxe7 25. Rxe7 Re8 26. Qe6+ Kb8 27. Qd6+ Qxd6 28. Nxb6 axb6 29. Rxe8+ Rxe8 30. a4 Rxe2 31. Rf3 Re8 32. Kg2 Re7 33. Kf2 Kc7 34. Kg2 Qe6 35. Kg3 Qe1+ 36. Kg2 Re2+ 37. Rf2 Qxf2+ 38. Kh1 Qh2# 0-1

[Event "GER-ch Net Amateur Gr-C Vor2"]
[Site "Playchess.com INT"]
[Date "2020.04.15"]
[Round "1"]
[White "Habinski, David"]
[Black "Stadtmueller, Max"]
[Result "1/2-1/2"]
[WhiteElo "1318"]
[BlackElo "1603"]
[PlyCount "35"]
[EventDate "2020.04.15"]
[EventType "swiss (blitz)"]
[EventRounds "9"]
[EventCountry "GER"]
[SourceTitle "CBM 196 Extra"]
[Source "ChessBase"]
[SourceDate "2020.07.31"]
[SourceVersion "1"]
[SourceVersionDate "2020.07.31"]
[SourceQuality "1"]

1. e4 e5 2. Nf3 Nc6 3. Nc3 Bc5 4. Bc4 Nf6 5. d3 0-0 6. 0-0 d6 7. h3 h6 8. Be3 Nd4 9. Bxd4 Bxd4 10. Nxd4 exd4 11. Nd5 c5 12. Qf3 Nxd5 13. Bxd5 Qb6 14. b3 a5 15. a4 Qc7 16. Rab1 Be6 17. Ra1 Bxd5 18. exd5 1/2-1/2

[Event "GER-ch Net Amateur Gr-C Vor2"]
[Site "Playchess.com INT"]
[Date "2020.04.15"]
[Round "9"]
[White "Reich, Elisabeth"]
[Black "Stadtmueller, Max"]
[Result "0-1"]
[WhiteElo "1497"]
[BlackElo "1619"]
[PlyCount "86"]
[EventDate "2020.04.15"]
[EventType "swiss (blitz)"]
[EventRounds "9"]
[EventCountry "GER"]
[SourceTitle "CBM 196 Extra"]
[Source "ChessBase"]
[SourceDate "2020.07.31"]
[SourceVersion "1"]
[SourceVersionDate "2020.07.31"]
[SourceQuality "1"]

1. e4 e5 2. Nf3 Nc6 3. d4 exd4 4. c3 dxc3 5. Bc4 Nf6 6. Nxc3 Bb4 7. e5 Ne4 8. Qc2 Nxc3 9. bxc3 Bc5 10. 0-0 0-0 11. Bg5 Be7 12. Bxe7 Qxe7 13. Bd3 g6 14. Qd2 d6 15. Qh6 Nxe5 16. Ng5 f5 17. Bc2 Qg7 18. Bb3+ Kh8 19. Qxg7+ Kxg7 20. Be6 h6 21. Bxc8 hxg5 22. Bxb7 Rab8 23. Bd5 Rb2 24. Rab1 Rc2 25. Rb7 Rxc3 26. Rxa7 Rb8 27. h3 Rb2 28. Bb3 Kf6 29. Re1 Rd3 30. Rxc7 Rdd2 31. Rf1 g4 32. hxg4 Nxg4 33. Rf7+ Kg5 34. Rd7 Nxf2 35. Rxf2 Rxf2 36. Rxd6 Rxg2+ 37. Kf1 Rbf2+ 38. Ke1 Re2+ 39. Kf1 Ref2+ 40. Ke1 Rh2 41. Re6 Rb2 42. Kf1 Rb1+ 43. Re1 Rbb2 0-1

[Event "GER-ch Net Amateur Gr-C Vor2"]
[Site "Playchess.com INT"]
[Date "2020.04.15"]
[Round "2"]
[White "Stadtmueller, Max"]
[Black "Foeing, Alexander"]
[Result "1-0"]
[WhiteElo "1564"]
[BlackElo "1310"]
[PlyCount "64"]
[EventDate "2020.04.15"]
[EventType "swiss (blitz)"]
[EventRounds "9"]
[EventCountry "GER"]
[SourceTitle "CBM 196 Extra"]
[Source "ChessBase"]
[SourceDate "2020.07.31"]
[SourceVersion "1"]
[SourceVersionDate "2020.07.31"]
[SourceQuality "1"]

1. e4 e5 2. Nf3 Nc6 3. d4 exd4 4. Nxd4 Bc5 5. Be3 Qe7 6. Nc3 Nf6 7. Nxc6 dxc6 8. Bxc5 Qxc5 9. Bd3 0-0 10. 0-0 Rd8 11. Qe2 Bg4 12. Qd2 Qe5 13. h3 Bh5 14. f4 Qc5+ 15. Qf2 Qxf2+ 16. Rxf2 h6 17. f5 Re8 18. g4 Bxg4 19. hxg4 Nxg4 20. Rg2 Ne3 21. Rg3 Nxf5 22. exf5 Re7 23. f6 Re6 24. Rxg7+ Kh8 25. Rxf7 Rg8+ 26. Kf2 Rge8 27. Rh7+ Kg8 28. f7+ Kf8 29. fxe8Q+ Kxe8 30. Rh8+ Ke7 31. Re1 Rxe1 32. Kxe1 Kf7 1-0

[Event "GER-ch Net Amateur Gr-C Vor1"]
[Site "Playchess.com INT"]
[Date "2020.04.14"]
[Round "6"]
[White "Hausmann, Heiko"]
[Black "Stadtmueller, Max"]
[Result "0-1"]
[WhiteElo "1445"]
[BlackElo "1620"]
[PlyCount "88"]
[EventDate "2020.04.14"]
[EventType "swiss (blitz)"]
[EventRounds "9"]
[EventCountry "GER"]
[SourceTitle "CBM 196 Extra"]
[Source "ChessBase"]
[SourceDate "2020.07.31"]
[SourceVersion "1"]
[SourceVersionDate "2020.07.31"]
[SourceQuality "1"]

1. e4 c6 2. Nf3 d5 3. exd5 cxd5 4. d4 Nc6 5. c3 Nf6 6. Bb5 Bf5 7. 0-0 e6 8. Nh4 Bg6 9. Nxg6 fxg6 10. Nd2 Bd6 11. Nf3 0-0 12. Bg5 Qc7 13. h3 Ne4 14. Be3 Rf7 15. Ng5 Nxg5 16. Bxg5 Raf8 17. Qe2 Bf4 18. Bxf4 Qxf4 19. Bxc6 bxc6 20. Rae1 Re8 21. Qe3 Qf6 22. Qd3 Rb7 23. b3 Rb6 24. Re5 a5 25. Rfe1 Rf8 26. Qe3 a4 27. Rxe6 Qf7 28. bxa4 Rb2 29. Rf1 Rxa2 30. Rxc6 Rxa4 31. Qe6 Ra2 32. Qxf7+ Kxf7 33. Rc7+ Ke6 34. Rxg7 h5 35. Rxg6+ Kf5 36. Rd6 Rc2 37. Rxd5+ Kg6 38. Rc5 Rd8 39. g3 Kh6 40. f4 Re8 41. f5 Ree2 42. f6 Rg2+ 43. Kh1 Rh2+ 44. Kg1 Rcg2# 0-1